| 000 | 00830nas a2200277 4500 | ||
|---|---|---|---|
| 001 | BR0101919 | ||
| 003 | BR-BrBNA | ||
| 005 | 20231205102220.0 | ||
| 007 | ta | ||
| 008 | 230509b bl.|||p| |||| 00| 00por d | ||
| 040 |
_aBR-BrBNA _bpor _cBiblioteca Nacional de Agricultura |
||
| 041 | _a(En) | ||
| 072 | _aL73; L70 | ||
| 100 | 1 | _aMadruga, C.R. | |
| 100 | 1 | _aKessler, R.H. | |
| 100 | 1 | _aSchenk, M.A.M. | |
| 100 | 1 | _aMiguita, M. | |
| 245 | 1 | _aA conglutination test for rapid detection of antibodies against Babesia bigemina | |
| 650 | _aBovino | ||
| 650 | _aProtozoario | ||
| 650 | _aSoro | ||
| 650 | _aAnalise de Laboratorio | ||
| 773 | 0 |
_tPesquisa Veterinaria Brasileira (Brazil) _xISSN 0100-736X _g(Oct-Dec 2000), v. 20(4) p. 161-166 _wBR0101919 |
|
| 909 |
_a202311 _bLúcia _c55 _dLúcia Elande |
||
| 942 |
_2AGRIS _n0 _cANA |
||
| 999 |
_c166351 _d166351 |
||